000 01388cam a2200373 a 4500
999 _c234292
_d234292
001 12991394
003 Nust
005 20180703081534.0
008 940517s1986 nyu 000 0 eng d
010 _a 2002735557
020 _a9780553213713
_cRs. 396
035 _a(OCoLC)ocm30448319
038 _aArshad
040 _aEOW
_cEOW
_dKLG
_dMLX
_dPOT
_dDLC
042 _alccopycat
050 0 0 _aB358
_b.J8 1986
082 _a184
_bPLA
100 0 _aPlato.
_97766
240 1 0 _aDialogues.
_kSelections.
_lEnglish
245 1 4 _aThe dialogues of Plato /
_cwith an introduction by Erich Segal.
260 _aNew York :
_bBantam Books,
_c1986.
300 _a384 p. ;
_c18 cm.
490 0 _aBantam classic
504 _aIncludes bibliographical references (p. 341-342)
505 0 _aApology -- Crito -- Euthyphro -- Phaedo -- Protagoras -- Meno -- Symposium -- Gorgias, Part III.
650 0 _aPhilosophy.
_91793
700 1 _aSegal, Erich,
_d1937-2010.
_911412
856 4 2 _3Publisher description
_uhttp://www.loc.gov/catdir/description/random049/2002735557.html
856 4 2 _3Contributor biographical information
_uhttp://www.loc.gov/catdir/enhancements/fy0614/2002735557-b.html
856 4 1 _3Sample text
_uhttp://www.loc.gov/catdir/enhancements/fy0642/2002735557-s.html
906 _a7
_bcbc
_ccopycat
_d3
_encip
_f20
_gy-gencatlg
942 _2ddc
_cBK